Human factors in information systems : emerging theoretical bases

Αποθηκεύτηκε σε:
Λεπτομέρειες βιβλιογραφικής εγγραφής
Συγγραφή απο Οργανισμό/Αρχή: Symposium on Human Factors in Management Information Systems
Άλλοι συγγραφείς: Carey, Jane M. (Επιμελητής έκδοσης)
Μορφή: Πρακτικό Συνεδρίου Βιβλίο
Γλώσσα:English
Δημοσίευση: Norwood, N.J. : Ablex Publishing Corporation, c1995
Σειρά:British HCI Group
Θέματα:
Ετικέτες: Προσθήκη ετικέτας
Δεν υπάρχουν, Καταχωρήστε ετικέτα πρώτοι!

MARC

LEADER 00000cam a2200000 i 4500
001 1/78327
008 990603s1995 eng d
020 |a 0-89391-940-3 
035 |l 10050125 
040 |a GR-MY-UA  |b gre  |e aacr 
041 0 |a eng 
082 0 |a 004.019 
245 0 0 |a Human factors in information systems :  |b emerging theoretical bases /  |c edited by Jane M. Carey 
260 |a Norwood, N.J. :   |b Ablex Publishing Corporation,   |c c1995 
300 |a xv, 381 p.;  |b ill.;  |c 24 cm. 
490 1 |a British HCI Group 
500 |a Papers originally presented at the Third Symposium on Human Factors in Management Information Systems, held on Oct. 17 and 18, 1991, in Norman, OK. 
500 |a Includes bibliographical references and indexes 
650 0 0 |a Human-computer interaction  |x Congresses. 
650 0 0 |a User interfaces (Computer systems)  |x Congresses. 
700 1 |a Carey, Jane M.  |4 edt 
711 2 |a Symposium on Human Factors in Management Information Systems   |n (3rd :   |d 1991 :   |c Norman, Okla.) 
830 0 |a British HCI Group 
852 |a INST  |b SAMOS  |e 19990603  |h 004.019 HUM  |p 005300014943  |q 005300014943  |t BK  |y 0 
901 |a BIBL3-1999-2 
909 |a Σ  |b 065295 
922 |a 3ΕΛΗ  |b 199903  |c ΚΠΣ  |d GLORY 
950 |a 116-1998-08-10